|
|
|
|
| LEADER |
00000nam a2200000 a 4500 |
| 001 |
UCY2648 |
| 003 |
CL-VaPUC |
| 005 |
20230627160342.0 |
| 008 |
941109e19730000SP |||||||||||||||||spa|d |
| 999 |
|
|
|c 231006
|d 231004
|
| 040 |
|
|
|c Pontificia Universidad Católica de Valparaíso
|
| 082 |
0 |
4 |
|a 433.61 DIC 1973
|2 21
|
| 245 |
1 |
0 |
|a Diccionario Manual Amador Alemán-Español y Español-Alemán
|
| 260 |
|
|
|a Barcelona
|b Sopena
|c 1973
|
| 300 |
|
|
|a 1478 páginas
|
| 583 |
|
|
|a last modification
|c 19941109 00:00:00
|k Rodrigo Vera
|
| 650 |
|
0 |
|a Alemán
|9 330722
|
| 650 |
|
0 |
|a Diccionarios
|9 256200
|
| 650 |
|
0 |
|a Español
|9 255372
|
| 942 |
|
|
|c BK
|2 ddc
|
| 945 |
|
|
|d 19941109 00:00:00
|a rbrito
|
| 952 |
|
|
|0 0
|1 0
|2 ddc
|4 0
|6 433_610000000000000_DIC_1973
|7 0
|8 A
|9 233750
|a BIBALI
|b BIBALI
|c REF
|d 2019-11-15
|i 302895K
|o 433.61 DIC 1973
|p 302895K
|r 2025-01-20
|t 2
|w 2019-11-15
|y BK_F
|k ALI
|
| 952 |
|
|
|0 0
|1 0
|2 ddc
|4 0
|6 433_610000000000000_DIC_1973
|7 0
|8 F
|9 233752
|a BIBDER
|b BIBDER
|d 2019-11-15
|i 3825841
|l 1
|o 433.61 DIC 1973
|p 3825841
|r 2024-04-15
|s 2024-04-15
|t 3
|w 2019-11-15
|y BK_F
|k DER
|